Responses for Show #7202 - Tuesday, December 29, 2015

WE ASKED: Actor Josh Gad.
A poorly-worded Final Jeopardy! clue disadvantages a challenger, resulting in her being brought back later in the week.
Alex uses a cane during the closing credits chat.

Contestants

[<< previous game]

Camille Hooper, an accountant from Port Saint Lucie, Florida

Ashley Wilson, an organization development consultant from Alexandria, Virginia

Patricia Franco, a library assistant from Arlington, Massachusetts (whose 1-day cash winnings total $16,401)

[next game >>]

Jeopardy! Round responses

TV SETTINGS
4-LETTER VERBS
HOW NOW, ON THE DOW?
"M"USIC
THEMS
FIGHTIN' WORDS
    $200 9
Chicago

Triple Stumper
    $200 11
file

Camille
    $200 21
Johnson & Johnson

Patricia
    $200 10
a metronome

Patricia
    $200 16
barbarians

Patricia
    $400 5
(Camille: What is Boston?)

Washington D.C.

Camille
Triple Stumper
    $400 12
mull

Camille
    $400 22
Walmart

Triple Stumper
    $400 1
the marimba

Camille
    $400 17
the Steelers

Patricia
    $600 6
Seattle

Camille
    $600 13
till

Ashley
    $600 23
(Alex: Bet you had one recently--[*]. Less than a minute to go now, Patricia.)

McDonald's

Triple Stumper
    $1,000 2
(Camille: What's a cantata?)
(Alex: No, it's a [*]. Each response must begin with the letter M.)

madrigal

Camille
    $600 18
Lucifer

Patricia
    $600 24
wingman

Patricia
    $800 7
Minnesota

Camille
    $800 14
cull

Ashley
    $800 3
(Camille: Who is Mozart?)

(Felix) Mendelssohn

PatriciaCamille
    $800 19
a noble savage

Ashley
    $800 25
(Camille: What's a barbarian?)

the destroyer

Camille
Triple Stumper
    $1000 8
Philadelphia

Ashley
    $1000 15
fend

Triple Stumper
    $1000 4
the minuet

Triple Stumper
    $1000 20
women

Ashley
    $1000 26
[End-of-round signal sounds.]

convoys

Triple Stumper

Scores at the first commercial break (after clue 13):

Patricia Ashley Camille
$1,000 $1,600 $200

Scores at the end of the Jeopardy! Round:

Patricia Ashley Camille
$3,000 $4,200 -$600

Double Jeopardy! Round responses

THE SCENE IN 1715
ANIMATED MOVIE CHARACTERS
NATIONAL MEDAL OF ARTS WINNERS
ZIMBABWE
WORLD LITERATURE
"EPI"DEMIC
    $400 10
Good Friday

Camille
    $400 16
the Genie

Camille
    $400 27
[End-of-round signal sounds]

South Africa

Ashley
    $400 11
Daniel Defoe

Camille
    $400 2
the epidermis

Ashley
    $800 15
Olaf

Camille
    $800 23
platinum

Triple Stumper
    $2,000 6
(Alex: [*]. Jacob & Wilhelm.)

the Brothers Grimm

Camille
    $800 1
(Patricia: What is epigraph?)
(Camille: What's an epigram?)
...
(Alex: Yes. We're talking about tombs.)

epitaph

PatriciaAshleyCamille
    $1200 17
Sweden

Triple Stumper
    $1200 12
Jessica Rabbit

Camille
    $1200 18
Jessica Tandy

Camille
    $1200 24
Mugabe

Patricia
    $1200 7
Lisbeth Salander

Patricia
    $1200 3
episcopal

Camille
    $1,000 21
the Stuarts

Camille
    $1600 13
Thumper

Ashley
    $1600 19
(Patricia: Who is Howard Hawks?)

Frank Capra

Patricia
Triple Stumper
    $1600 25
Harare

Patricia
    $1600 8
the Cossacks

Triple Stumper
    $1600 4
epitome

Camille
    $2000 22
(Alex: Less than a minute now.)

Orléans

Triple Stumper
    $2000 14
Scrat

Triple Stumper
    $2000 20
(Patricia: Who is Kushner?)

Edward Albee

Patricia
Triple Stumper
    $2000 26
Cecil the lion

Ashley
    $2000 9
How Green Was My Valley

Triple Stumper
    $2000 5
epicurean (or epicure)

Camille

Scores at the end of the Double Jeopardy! Round:

Patricia Ashley Camille
$2,600 $9,400 $10,800

[wagering suggestions for these scores]

Final Jeopardy! Round responses

FAMOUS LAST NAMES
(Alex: The first lunar landing--three names come to mind, don't they? Armstrong, Aldrin, and Collins, who stayed up top. Never made it to the Moon's surface. That should have been a big help.)
...
(Alex: [To Patricia] Eileen [*] is her name.)
...
(Alex: [In an added segment after the round ended] Our bad, folks. Today's Final Jeopardy! should have referred to the entire Apollo 11 mission, rather than to just the lunar landing part of it. We feel that Ashley might have been disadvantaged, and so we have invited her to return to play again later this week.)
PatriciaWhat is Collins?
$0
AshleyWhat is Aldren?
$9,400
CamilleWhat is Armstrong?
$8,001
Collins

Final scores:

Patricia Ashley Camille
$2,600 $0 $2,799
2nd place: $2,000 3rd place: $1,000 New champion: $2,799

Game dynamics:

Coryat scores:

Patricia Ashley Camille
$2,600 $9,400 $11,200
10 R,
3 W
10 R,
0 W
16 R
(including 2 DDs),
5 W
(including 1 DD)

Combined Coryat: $23,200

[game clues] [game scores] [suggest correction]

Game tape date: 2015-12-02
The J! Archive is created by fans, for fans. Scraping, republication, monetization, and malicious use prohibited; this site may use cookies and collect identifying information. See terms. The Jeopardy! game show and all elements thereof, including but not limited to copyright and trademark thereto, are the property of Jeopardy Productions, Inc. and are protected under law. This website is not affiliated with, sponsored by, or operated by Jeopardy Productions, Inc. Join the discussion at JBoard.tv.